[Event "Stay Safe Play From Home 319"]
[Site "Emanuel Lasker Arena"]
[Date "2020.07.21"]
[Round "2"]
[White "Oznog"]
[Black "SoulofWolf"]
[Result "0-1"]
[WhiteElo "1797"]
[BlackElo "2180"]
[PlyCount "84"]
[EventDate "2020.07.21"]
[EventType "swiss (blitz)"]

1. d4 {[%emt 0:00:02]} e6 {[%emt 0:00:00]} 2. c4 {[%emt 0:00:00]} d5 {[%emt 0:00:00]} 3. Nc3 {[%emt 0:00:02]} c6 {[%emt 0:00:01]} 4. e3 {[%emt 0:00:00]} Nd7 {[%emt 0:00:01]} 5. Nf3 {[%emt 0:00:00]} Bd6 {[%emt 0:00:01]} 6. cxd5 {[%emt 0:00:00]} exd5 {[%emt 0:00:01]} 7. Bd3 {[%emt 0:00:01]} Ne7 {[%emt 0:00:01]} 8. Qc2 {[%emt 0:00:01]} O-O {[%emt 0:00:00]} 9. Bd2 {[%emt 0:00:00]} f6 {[%emt 0:00:01]} 10. g4 {[%emt 0:00:01]} g6 {[%emt 0:00:01]} 11. g5 {[%emt 0:00:01]} Qe8 {[%emt 0:00:03]} 12. gxf6 {[%emt 0:00:03]} Rxf6 {[%emt 0:00:01]} 13. Be2 {[%emt 0:00:03]} Qf7 {[%emt 0:00:01]} 14. Ng5 {[%emt 0:00:02]} Qg7 {[%emt 0:00:03]} 15. h4 {[%emt 0:00:03]} Nf8 {[%emt 0:00:01]} 16. O-O-O {[%emt 0:00:02]} Bf5 {[%emt 0:00:01]} 17. Bd3 {[%emt 0:00:01]} Re8 {[%emt 0:00:02]} 18. Bxf5 {[%emt 0:00:01]} Nxf5 {[%emt 0:00:01]} 19. Rdg1 {[%emt 0:00:00]} Ne6 {[%emt 0:00:02]} 20. h5 {[%emt 0:00:01]} Nxg5 {[%emt 0:00:01]} 21. Rxg5 {[%emt 0:00:01]} Ree6 {[%emt 0:00:03]} 22. hxg6 {[%emt 0:00:01]} hxg6 {[%emt 0:00:01]} 23. Rg2 {[%emt 0:00:02]} Kf7 {[%emt 0:00:01]} 24. Rhg1 {[%emt 0:00:01]} Nh4 {[%emt 0:00:04]} 25. Rg3 {[%emt 0:00:02]} Nf3 {[%emt 0:00:03]} 26. Rh1 {[%emt 0:00:05]} Bxg3 {[%emt 0:00:02]} 27. fxg3 {[%emt 0:00:00]} Nxd2 {[%emt 0:00:01]} 28. Qxd2 {[%emt 0:00:01]} Ke7 {[%emt 0:00:03]} 29. Qg2 {[%emt 0:00:02]} Qf7 {[%emt 0:00:01]} 30. Qh3 {[%emt 0:00:04]} Rf5 {[%emt 0:00:05]} 31. e4 {[%emt 0:00:01]} dxe4 {[%emt 0:00:01]} 32. d5 {[%emt 0:00:01]} cxd5 {[%emt 0:00:01]} 33. Nb5 {[%emt 0:00:01]} Ref6 {[%emt 0:00:03]} 34. Nd4 {[%emt 0:00:01]} Rf1+ {[%emt 0:00:01]} 35. Rxf1 {[%emt 0:00:01]} Rxf1+ {[%emt 0:00:00]} 36. Kc2 {[%emt 0:00:01]} Rf2+ {[%emt 0:00:01]} 37. Kb3 {[%emt 0:00:01]} Qf6 {[%emt 0:00:01]} 38. Qh7+ {[%emt 0:00:02]} Kd6 {[%emt 0:00:01]} 39. Nb5+ {[%emt 0:00:01]} Ke5 {[%emt 0:00:01]} 40. Qc7+ {[%emt 0:00:02]} Kf5 {[%emt 0:00:00]} 41. Qc1 {[%emt 0:00:04]} Rf3+ {[%emt 0:00:00]} 42. Kb4 {[%emt 0:00:02]} a5+ {[%emt 0:00:01] Time (Lag: Av=0.42s, max=0.6s)} 0-1

[Event "Stay Safe Play From Home 319"]
[Site "Emanuel Lasker Arena"]
[Date "2020.07.21"]
[Round "2"]
[White "Justwatch"]
[Black "Buzaglo"]
[Result "0-1"]
[WhiteElo "1668"]
[BlackElo "1906"]
[PlyCount "86"]
[EventDate "2020.07.21"]
[EventType "swiss (blitz)"]

1. e3 {[%emt 0:00:05]} e6 {[%emt 0:00:00]} 2. d4 {[%emt 0:00:01]} d5 {[%emt 0:00:00]} 3. Nf3 {[%emt 0:00:00]} Nf6 {[%emt 0:00:00]} 4. Nc3 {[%emt 0:00:00]} c5 {[%emt 0:00:00]} 5. Bb5+ {[%emt 0:00:00]} Bd7 {[%emt 0:00:01]} 6. Bxd7+ {[%emt 0:00:00]} Nbxd7 {[%emt 0:00:01]} 7. Ne5 {[%emt 0:00:00]} cxd4 {[%emt 0:00:04]} 8. exd4 {[%emt 0:00:01]} Bd6 {[%emt 0:00:02]} 9. Nxd7 {[%emt 0:00:01]} Qxd7 {[%emt 0:00:01]} 10. Bg5 {[%emt 0:00:00]} Ne4 {[%emt 0:00:03]} 11. Nxe4 {[%emt 0:00:01]} dxe4 {[%emt 0:00:00]} 12. Qg4 {[%emt 0:00:01]} f5 {[%emt 0:00:03]} 13. Qh5+ {[%emt 0:00:01]} Qf7 {[%emt 0:00:01]} 14. Qxf7+ {[%emt 0:00:01]} Kxf7 {[%emt 0:00:00]} 15. O-O {[%emt 0:00:01]} h6 {[%emt 0:00:01]} 16. Bd2 {[%emt 0:00:02]} g5 {[%emt 0:00:00]} 17. c4 {[%emt 0:00:01]} Be7 {[%emt 0:00:05]} 18. Bc3 {[%emt 0:00:01]} Rac8 {[%emt 0:00:01]} 19. d5 {[%emt 0:00:01]} Rhd8 {[%emt 0:00:02]} 20. dxe6+ {[%emt 0:00:00]} Kxe6 {[%emt 0:00:00]} 21. Rad1 {[%emt 0:00:01]} Rxc4 {[%emt 0:00:01]} 22. Rxd8 {[%emt 0:00:01]} Bxd8 {[%emt 0:00:00]} 23. Rd1 {[%emt 0:00:01]} Bb6 {[%emt 0:00:03]} 24. Kf1 {[%emt 0:00:01]} Rc6 {[%emt 0:00:02]} 25. Ke1 {[%emt 0:00:01]} Rd6 {[%emt 0:00:00]} 26. Rc1 {[%emt 0:00:01]} a6 {[%emt 0:00:01]} 27. Ke2 {[%emt 0:00:01]} Rc6 {[%emt 0:00:02]} 28. Rd1 {[%emt 0:00:01]} Rd6 {[%emt 0:00:01]} 29. Re1 {[%emt 0:00:01]} Bd4 {[%emt 0:00:01]} 30. Bb4 {[%emt 0:00:01]} Rc6 {[%emt 0:00:02]} 31. Ba3 {[%emt 0:00:02]} Rc2+ {[%emt 0:00:01]} 32. Kd1 {[%emt 0:00:00]} Rxf2 {[%emt 0:00:01]} 33. g4 {[%emt 0:00:02]} Bxb2 {[%emt 0:00:02]} 34. gxf5+ {[%emt 0:00:01]} Kxf5 {[%emt 0:00:01]} 35. Bf8 {[%emt 0:00:02]} Be5 {[%emt 0:00:03]} 36. Bxh6 {[%emt 0:00:01]} Rxa2 {[%emt 0:00:01]} 37. Re2 {[%emt 0:00:06]} Rxe2 {[%emt 0:00:02]} 38. Kxe2 {[%emt 0:00:01]} b5 {[%emt 0:00:00]} 39. Bf8 {[%emt 0:00:01]} a5 {[%emt 0:00:01]} 40. Ba3 {[%emt 0:00:00]} b4 {[%emt 0:00:00]} 41. Bb2 {[%emt 0:00:00]} a4 {[%emt 0:00:01]} 42. Kd2 {[%emt 0:00:00]} Bxb2 {[%emt 0:00:01]} 43. Kc2 {[%emt 0:00:01]} Be5 {[%emt 0:00:00] Justwatch terk eder (Lag: Av=0.50s, max=0.7s)} 0-1

[Event "Stay Safe Play From Home 319"]
[Site "Emanuel Lasker Arena"]
[Date "2020.07.21"]
[Round "2"]
[White "Meini"]
[Black "Lamborghini"]
[Result "0-1"]
[WhiteElo "1578"]
[BlackElo "2250"]
[PlyCount "48"]
[EventDate "2020.07.21"]
[EventType "swiss (blitz)"]

1. d4 {[%emt 0:00:01]} d6 {[%emt 0:00:01]} 2. Bf4 {[%emt 0:00:01]} Nf6 {[%emt 0:00:00]} 3. e3 {[%emt 0:00:00]} g6 {[%emt 0:00:00]} 4. Nf3 {[%emt 0:00:00]} Bg7 {[%emt 0:00:00]} 5. h3 {[%emt 0:00:00]} O-O {[%emt 0:00:00]} 6. Be2 {[%emt 0:00:01]} c5 {[%emt 0:00:00]} 7. O-O {[%emt 0:00:01]} b6 {[%emt 0:00:01]} 8. c3 {[%emt 0:00:01]} Bb7 {[%emt 0:00:01]} 9. Nbd2 {[%emt 0:00:01]} Nbd7 {[%emt 0:00:01]} 10. Qc2 {[%emt 0:00:00]} a6 {[%emt 0:00:01]} 11. Rad1 {[%emt 0:00:00]} Rc8 {[%emt 0:00:00]} 12. Qb1 {[%emt 0:00:02]} Rc7 {[%emt 0:00:00]} 13. Ng5 {[%emt 0:00:01]} Qa8 {[%emt 0:00:01]} 14. Bf3 {[%emt 0:00:04]} Nd5 {[%emt 0:00:01]} 15. Bh2 {[%emt 0:00:02]} N7f6 {[%emt 0:00:02]} 16. Nge4 {[%emt 0:00:02]} cxd4 {[%emt 0:00:02]} 17. exd4 {[%emt 0:00:01]} b5 {[%emt 0:00:03]} 18. Nxf6+ {[%emt 0:00:02]} Nxf6 {[%emt 0:00:01]} 19. Ne4 {[%emt 0:00:00]} Nxe4 {[%emt 0:00:02]} 20. Bxe4 {[%emt 0:00:01]} Bxe4 {[%emt 0:00:01]} 21. Qc1 {[%emt 0:00:01]} Bxg2 {[%emt 0:00:01]} 22. Qg5 {[%emt 0:00:01]} Bxf1 {[%emt 0:00:02]} 23. Rxf1 {[%emt 0:00:01]} Bf6 {[%emt 0:00:00]} 24. Re1 {[%emt 0:00:00]} Bxg5 {[%emt 0:00:01] Meini gibt auf (Lag: Av=0.40s, max=0.5s)} 0-1

[Event "Stay Safe Play From Home 319"]
[Site "Emanuel Lasker Arena"]
[Date "2020.07.21"]
[Round "2"]
[White "Mamba2001de"]
[Black "Haris kollari 13"]
[Result "1-0"]
[WhiteElo "1484"]
[BlackElo "1721"]
[Annotator "NA"]
[PlyCount "67"]
[EventDate "2020.07.21"]
[EventType "swiss (blitz)"]

1. e4 {[%emt 0:00:01]} e5 {[%emt 0:00:01]} 2. Nf3 {[%emt 0:00:01]} d6 {[%emt 0:00:01]} 3. Bc4 {[%emt 0:00:01]} c5 {[%emt 0:00:01]} 4. O-O {[%emt 0:00:01]} Nc6 {[%emt 0:00:01]} 5. h3 {[%emt 0:00:01]} Bd7 {[%emt 0:00:03]} 6. c3 {[%emt 0:00:01]} Qc8 {[%emt 0:00:02]} 7. d3 {[%emt 0:00:01]} Nf6 {[%emt 0:00:05]} 8. Bg5 {[%emt 0:00:02]} Be7 {[%emt 0:00:01]} 9. Bxf6 {[%emt 0:00:01]} Bxf6 {[%emt 0:00:01]} 10. Kh2 {[%emt 0:00:02]} O-O {[%emt 0:00:01]} 11. Bd5 {[%emt 0:00:01]} Kh8 {[%emt 0:00:01]} 12. Re1 {[%emt 0:00:02]} Be7 {[%emt 0:00:02]} 13. Na3 {[%emt 0:00:01]} f5 {[%emt 0:00:01]} 14. exf5 {[%emt 0:00:02]} Rxf5 {[%emt 0:00:02]} 15. Be4 {[%emt 0:00:01]} Rxf3 {[%emt 0:00:01]} 16. Bxf3 {[%emt 0:00:02]} Qf8 {[%emt 0:00:02]} 17. Nb5 {[%emt 0:00:02]} Nd8 {[%emt 0:00:04]} 18. Nc7 {[%emt 0:00:02]} Rc8 {[%emt 0:00:02]} 19. Nd5 {[%emt 0:00:00]} Bg5 {[%emt 0:00:01]} 20. Be4 {[%emt 0:00:04]} Bc6 {[%emt 0:00:02]} 21. c4 {[%emt 0:00:02]} Ne6 {[%emt 0:00:03]} 22. Qg4 {[%emt 0:00:01]} Qf7 {[%emt 0:00:06]} 23. h4 {[%emt 0:00:02]} Bh6 {[%emt 0:00:01]} 24. f3 {[%emt 0:00:05]} Rf8 {[%emt 0:00:04]} 25. Rf1 {[%emt 0:00:04]} Bxd5 {[%emt 0:00:01]} 26. Bxd5 {[%emt 0:00:01]} Qf4+ {[%emt 0:00:01]} 27. Qxf4 {[%emt 0:00:03]} Nxf4 {[%emt 0:00:01]} 28. g3 {[%emt 0:00:02]} Nxd3 {[%emt 0:00:01]} 29. Be4 {[%emt 0:00:02]} Nb4 {[%emt 0:00:02]} 30. a3 {[%emt 0:00:01]} Nc6 {[%emt 0:00:02]} 31. Bxc6 {[%emt 0:00:01]} bxc6 {[%emt 0:00:01]} 32. Rad1 {[%emt 0:00:02]} Rd8 {[%emt 0:00:00]} 33. g4 {[%emt 0:00:02]} Be3 {[%emt 0:00:01] '} 34. Rfe1 {[%emt 0:00:02] Time (Lag: Av=0.41s, max=0.6s)} 1-0

[Event "Stay Safe Play From Home 319"]
[Site "Emanuel Lasker Arena"]
[Date "2020.07.21"]
[Round "2"]
[White "Mandy"]
[Black "TheCHESSHOUSE"]
[Result "0-1"]
[WhiteElo "886"]
[BlackElo "2108"]
[PlyCount "42"]
[EventDate "2020.07.21"]
[EventType "swiss (blitz)"]

1. d4 {[%emt 0:00:03]} Nf6 {[%emt 0:00:01]} 2. Bf4 {[%emt 0:00:02]} g6 {[%emt 0:00:01]} 3. e3 {[%emt 0:00:01]} d6 {[%emt 0:00:01]} 4. Nf3 {[%emt 0:00:00]} Bg7 {[%emt 0:00:00]} 5. h3 {[%emt 0:00:01]} O-O {[%emt 0:00:00]} 6. Bd3 {[%emt 0:00:01]} Nc6 {[%emt 0:00:00]} 7. O-O {[%emt 0:00:01]} Bd7 {[%emt 0:00:00]} 8. c3 {[%emt 0:00:00]} Re8 {[%emt 0:00:00]} 9. Nbd2 {[%emt 0:00:01]} e5 {[%emt 0:00:01]} 10. Bg3 {[%emt 0:00:08]} e4 {[%emt 0:00:01]} 11. Bxe4 {[%emt 0:00:02]} Nxe4 {[%emt 0:00:00]} 12. Nxe4 {[%emt 0:00:04]} Rxe4 {[%emt 0:00:00]} 13. Qc2 {[%emt 0:00:04]} Bf5 {[%emt 0:00:03]} 14. Bh4 {[%emt 0:00:05]} Rxh4 {[%emt 0:00:02]} 15. Nxh4 {[%emt 0:00:02]} Bxc2 {[%emt 0:00:01]} 16. Rac1 {[%emt 0:00:03]} Bd3 {[%emt 0:00:01]} 17. Rfe1 {[%emt 0:00:02]} Qxh4 {[%emt 0:00:01]} 18. g3 {[%emt 0:00:02]} Qf6 {[%emt 0:00:02]} 19. Kh2 {[%emt 0:00:02]} Be4 {[%emt 0:00:01]} 20. f4 {[%emt 0:00:05]} g5 {[%emt 0:00:03]} 21. Rf1 {[%emt 0:00:04]} g4 {[%emt 0:00:01] Zeit (Lag: Av=0.79s, max=2.6s)} 0-1

[Event "Stay Safe Play From Home 319"]
[Site "Emanuel Lasker Arena"]
[Date "2020.07.21"]
[Round "3"]
[White "NTBT_DHS"]
[Black "SoulofWolf"]
[Result "1-0"]
[WhiteElo "2514"]
[BlackElo "2183"]
[Annotator "TA"]
[PlyCount "85"]
[EventDate "2020.07.21"]
[EventType "swiss (blitz)"]

{[%evp 12,84,76,31,50,50,58,56,76,37,87,95,101,20,27,30,409,396,550,526,517,398,1115,1104,1058,825,808,815,815,810,792,730,934,937,927,924,885,1028,1029,1015,992,963,1296,1288,12839,12837,5983,5983,29987,29988,29993,29984,29984,29985,29985,29986,29986,12833,12832,12833,5381,5251,12838,12837,12840,12840,12841,12841,29984,29982,29987,29988,29998,29999,29999]} 1. d4 e6 2. c4 c5 3. Nf3 Nf6 4. d5 exd5 5. cxd5 d6 6. Nc3 Be7 7. g3 O-O {A60: Modern Benoni: Early Divergences.} 8. Bg2 Bg4 9. O-O Nbd7 {White is slightly better.} 10. h3 Bh5 {[#]} 11. Nh4 $146 ({Predecessor:} 11. Bf4 h6 12. g4 Bg6 13. Nh4 Bh7 14. Nf5 Bxf5 15. gxf5 Nh5 16. Bh2 Nb6 17. Bf3 Nf6 18. Kh1 g5 19. fxg6 fxg6 20. Qd3 {1-0 (20) Poblete,L-Ister,A IECG email 2002}) 11... a6 12. Nf5 (12. g4 $16 Bg6 13. f4) 12... b5 13. Bf4 Ne5 $2 {[%mdl 8192] Loses the game.} (13... Nb6 $11 {and Black stays safe.}) 14. Bxe5 $1 $18 dxe5 15. d6 Bxd6 {and the idea ...Bc7 leaves Black hopeful.} 16. Qxd6 Qa5 $2 (16... Qxd6 17. Nxd6 Rab8) 17. Bxa8 Rxa8 18. g4 Bg6 19. Ne7+ Kh8 20. Nxg6+ hxg6 21. Qxe5 Re8 22. Qxc5 Qd8 23. Rad1 Qe7 24. Qxe7 Rxe7 25. Rd8+ Kh7 26. Rfd1 b4 27. Nd5 Rxe2 28. Nxf6+ gxf6 29. Rf8 {Threatening mate with Rdd8.} Kg7 30. Rdd8 Rxb2 31. Rh8 {[%csl Gh8][%cal Rd8g8]} f5 32. g5 {[%csl Gh8][%cal Rd8g8]} f6 33. Rhg8+ Kf7 34. Rgf8+ (34. Rdf8+ $142 Ke6 35. Re8+ Kd5 36. gxf6 Rb1+ 37. Kg2 b3 38. axb3 a5 39. Rxg6) 34... Ke6 35. Rxf6+ {[%mdl 64] [#] Double Attack} Ke5 36. Rxg6 Kf4 37. Kg2 Rxa2 38. Rd4+ {[%mdl 64] Double Attack} Ke5 39. Rxb4 a5 40. Rb5+ {White mates.} Kf4 {[#]} 41. Rf6 $1 Kxg5 42. Rbxf5+ Kh4 43. Rh6# {Accuracy: White = 57%, Black = 37%.} 1-0

[Event "Stay Safe Play From Home 319"]
[Site "Emanuel Lasker Arena"]
[Date "2020.07.21"]
[Round "3"]
[White "AChessPlayer"]
[Black "Bardellosport"]
[Result "1-0"]
[WhiteElo "2435"]
[BlackElo "1992"]
[PlyCount "87"]
[EventDate "2020.07.21"]
[EventType "swiss (blitz)"]

1. Nf3 {[%emt 0:00:01]} d6 {[%emt 0:00:00]} 2. g3 {[%emt 0:00:00]} g6 {[%emt 0:00:01]} 3. Bg2 {[%emt 0:00:00]} Bg7 {[%emt 0:00:00]} 4. O-O {[%emt 0:00:00]} e6 {[%emt 0:00:00]} 5. d3 {[%emt 0:00:00]} Ne7 {[%emt 0:00:00]} 6. e4 {[%emt 0:00:00]} Nd7 {[%emt 0:00:00]} 7. d4 {[%emt 0:00:00]} b6 {[%emt 0:00:00]} 8. c4 {[%emt 0:00:00]} Bb7 {[%emt 0:00:00]} 9. Nc3 {[%emt 0:00:00]} a6 {[%emt 0:00:00]} 10. Re1 {[%emt 0:00:00]} h6 {[%emt 0:00:00]} 11. d5 {[%emt 0:00:02]} e5 {[%emt 0:00:01]} 12. Nh4 {[%emt 0:00:01]} O-O {[%emt 0:00:02]} 13. Be3 {[%emt 0:00:02]} f5 {[%emt 0:00:01]} 14. exf5 {[%emt 0:00:03]} gxf5 {[%emt 0:00:00]} 15. f4 {[%emt 0:00:01]} e4 {[%emt 0:00:01]} 16. Bd4 {[%emt 0:00:01]} Nf6 {[%emt 0:00:02]} 17. b4 {[%emt 0:00:02]} Qd7 {[%emt 0:00:01]} 18. h3 {[%emt 0:00:02]} Kh8 {[%emt 0:00:02]} 19. Kh2 {[%emt 0:00:01]} a5 {[%emt 0:00:02]} 20. a3 {[%emt 0:00:01]} axb4 {[%emt 0:00:01]} 21. axb4 {[%emt 0:00:00]} Rxa1 {[%emt 0:00:00]} 22. Qxa1 {[%emt 0:00:00]} Ra8 {[%emt 0:00:00]} 23. Qb2 {[%emt 0:00:00]} Kh7 {[%emt 0:00:04]} 24. Nb5 {[%emt 0:00:02]} Ng6 {[%emt 0:00:02]} 25. Bxf6 {[%emt 0:00:02]} Nxh4 {[%emt 0:00:01]} 26. gxh4 {[%emt 0:00:01]} Bxf6 {[%emt 0:00:01]} 27. Qxf6 {[%emt 0:00:01]} Rg8 {[%emt 0:00:01]} 28. Rg1 {[%emt 0:00:01]} Qe8 {[%emt 0:00:02]} 29. Nd4 {[%emt 0:00:02]} Qh5 {[%emt 0:00:01]} 30. Qxf5+ {[%emt 0:00:01]} Qxf5 {[%emt 0:00:01]} 31. Nxf5 {[%emt 0:00:00]} Rf8 {[%emt 0:00:00]} 32. Bxe4 {[%emt 0:00:02]} Kh8 {[%emt 0:00:02]} 33. Rg6 {[%emt 0:00:01]} Bc8 {[%emt 0:00:01]} 34. Rxh6+ {[%emt 0:00:01]} Kg8 {[%emt 0:00:00]} 35. Ne7+ {[%emt 0:00:00]} Kf7 {[%emt 0:00:01]} 36. Rh7+ {[%emt 0:00:00]} Kf6 {[%emt 0:00:01]} 37. Nxc8 {[%emt 0:00:00]} Rxc8 {[%emt 0:00:01]} 38. Kg3 {[%emt 0:00:01]} Rg8+ {[%emt 0:00:01]} 39. Kf3 {[%emt 0:00:00]} Rg1 {[%emt 0:00:01]} 40. Rxc7 {[%emt 0:00:01]} Rf1+ {[%emt 0:00:01]} 41. Kg4 {[%emt 0:00:00]} Rb1 {[%emt 0:00:00]} 42. h5 {[%emt 0:00:02]} Rxb4 {[%emt 0:00:01]} 43. Bg6 {[%emt 0:00:01]} Rxc4 {[%emt 0:00:01]} 44. Rf7# {[%emt 0:00:00] (Lag: Av=0.44s, max=1.1s)} 1-0

[Event "Stay Safe Play From Home 319"]
[Site "Emanuel Lasker Arena"]
[Date "2020.07.21"]
[Round "3"]
[White "Lamborghini"]
[Black "TheCHESSHOUSE"]
[Result "0-1"]
[WhiteElo "2251"]
[BlackElo "2108"]
[PlyCount "64"]
[EventDate "2020.07.21"]
[EventType "swiss (blitz)"]

1. e4 {[%emt 0:00:03]} c5 {[%emt 0:00:02]} 2. Nf3 {[%emt 0:00:01]} d6 {[%emt 0:00:01]} 3. d4 {[%emt 0:00:01]} cxd4 {[%emt 0:00:00]} 4. Nxd4 {[%emt 0:00:00]} Nf6 {[%emt 0:00:00]} 5. Nc3 {[%emt 0:00:00]} g6 {[%emt 0:00:00]} 6. Be3 {[%emt 0:00:01]} Bg7 {[%emt 0:00:00]} 7. f3 {[%emt 0:00:00]} Nc6 {[%emt 0:00:00]} 8. Qd2 {[%emt 0:00:00]} Bd7 {[%emt 0:00:00]} 9. Bc4 {[%emt 0:00:00]} Rc8 {[%emt 0:00:01]} 10. Bb3 {[%emt 0:00:01]} Ne5 {[%emt 0:00:01]} 11. O-O-O {[%emt 0:00:01]} O-O {[%emt 0:00:01]} 12. Kb1 {[%emt 0:00:02]} Nc4 {[%emt 0:00:00]} 13. Bxc4 {[%emt 0:00:01]} Rxc4 {[%emt 0:00:00]} 14. g4 {[%emt 0:00:00]} a6 {[%emt 0:00:01]} 15. h4 {[%emt 0:00:02]} h5 {[%emt 0:00:01]} 16. gxh5 {[%emt 0:00:01]} Nxh5 {[%emt 0:00:01]} 17. Rhg1 {[%emt 0:00:01]} b5 {[%emt 0:00:02]} 18. Nd5 {[%emt 0:00:03]} Be6 {[%emt 0:00:03]} 19. Nxe6 {[%emt 0:00:08]} fxe6 {[%emt 0:00:02]} 20. Nb6 {[%emt 0:00:01]} Rc6 {[%emt 0:00:14]} 21. Rxg6 {[%emt 0:00:01]} Rxb6 {[%emt 0:00:02]} 22. Rdg1 {[%emt 0:00:01]} Rc6 {[%emt 0:00:04]} 23. Qg2 {[%emt 0:00:02]} Rf7 {[%emt 0:00:01]} 24. Qg4 {[%emt 0:00:02]} Qa5 {[%emt 0:00:09]} 25. Qxh5 {[%emt 0:00:04]} Qb4 {[%emt 0:00:01]} 26. Bc1 {[%emt 0:00:09]} Qc4 {[%emt 0:00:04]} 27. c3 {[%emt 0:00:01]} Qd3+ {[%emt 0:00:01]} 28. Ka1 {[%emt 0:00:02]} Rxc3 {[%emt 0:00:01]} 29. Rxg7+ {[%emt 0:00:01]} Rxg7 {[%emt 0:00:00]} 30. Qe8+ {[%emt 0:00:01]} Kh7 {[%emt 0:00:01]} 31. Rxg7+ {[%emt 0:00:00]} Kxg7 {[%emt 0:00:01]} 32. Qh5 {[%emt 0:00:00]} Rxc1# {[%emt 0:00:01] (Lag: Av=0.60s, max=0.8s)} 0-1

[Event "Stay Safe Play From Home 319"]
[Site "Emanuel Lasker Arena"]
[Date "2020.07.21"]
[Round "3"]
[White "Sfantul321"]
[Black "Mamba2001de"]
[Result "1-0"]
[WhiteElo "1969"]
[BlackElo "1511"]
[Annotator "NA"]
[PlyCount "59"]
[EventDate "2020.07.21"]
[EventType "swiss (blitz)"]

1. c4 {[%emt 0:00:02]} e6 {[%emt 0:00:01]} 2. Nc3 {[%emt 0:00:00]} d5 {[%emt 0:00:01]} 3. cxd5 {[%emt 0:00:01]} exd5 {[%emt 0:00:01]} 4. d4 {[%emt 0:00:00]} c6 {[%emt 0:00:01]} 5. Nf3 {[%emt 0:00:00]} Bg4 {[%emt 0:00:01]} 6. Bf4 {[%emt 0:00:01]} Nf6 {[%emt 0:00:02]} 7. e3 {[%emt 0:00:01]} a6 {[%emt 0:00:01]} 8. h3 {[%emt 0:00:00]} Be6 {[%emt 0:00:02]} 9. Bd3 {[%emt 0:00:01]} Bd6 {[%emt 0:00:01]} 10. O-O {[%emt 0:00:01]} Bxf4 {[%emt 0:00:01]} 11. exf4 {[%emt 0:00:01]} O-O {[%emt 0:00:00]} 12. Qc2 {[%emt 0:00:01]} b5 {[%emt 0:00:07]} 13. a3 {[%emt 0:00:01]} a5 {[%emt 0:00:01]} 14. Ne5 {[%emt 0:00:01]} Nbd7 {[%emt 0:00:02]} 15. Nxc6 {[%emt 0:00:02]} Qc7 {[%emt 0:00:05]} 16. Bxb5 {[%emt 0:00:01]} Nb6 {[%emt 0:00:05]} 17. f5 {[%emt 0:00:01]} Bd7 {[%emt 0:00:02]} 18. Ne5 {[%emt 0:00:01]} Bxb5 {[%emt 0:00:03]} 19. Rfe1 {[%emt 0:00:02]} Bc4 {[%emt 0:00:03]} 20. b3 {[%emt 0:00:02]} Ba6 {[%emt 0:00:01]} 21. Qd2 {[%emt 0:00:00]} Rac8 {[%emt 0:00:02]} 22. Rac1 {[%emt 0:00:01]} Qd6 {[%emt 0:00:01]} 23. Nb1 {[%emt 0:00:03]} Ne4 {[%emt 0:00:01]} 24. Qe3 {[%emt 0:00:04]} Nd7 {[%emt 0:00:02]} 25. f4 {[%emt 0:00:02]} Nxe5 {[%emt 0:00:02]} 26. fxe5 {[%emt 0:00:01]} Qh6 {[%emt 0:00:04]} 27. Qxh6 {[%emt 0:00:02]} gxh6 {[%emt 0:00:01]} 28. Rxc8 {[%emt 0:00:03]} Rxc8 {[%emt 0:00:02]} 29. Kh2 {[%emt 0:00:00]} Rc2 {[%emt 0:00:02]} 30. f6 {[%emt 0:00:02] Zeit (Lag: Av=0.27s, max=0.6s)} 1-0

[Event "Stay Safe Play From Home 319"]
[Site "Emanuel Lasker Arena"]
[Date "2020.07.21"]
[Round "3"]
[White "Cirovicz"]
[Black "Fischer_11"]
[Result "1-0"]
[WhiteElo "1947"]
[BlackElo "2016"]
[Annotator "NA"]
[PlyCount "99"]
[EventDate "2020.07.21"]
[EventType "swiss (blitz)"]

1. e4 {[%emt 0:00:02]} Nf6 {[%emt 0:00:01]} 2. e5 {[%emt 0:00:01]} Nd5 {[%emt 0:00:00]} 3. c4 {[%emt 0:00:00]} Nb6 {[%emt 0:00:01]} 4. d4 {[%emt 0:00:00]} d6 {[%emt 0:00:01]} 5. c5 {[%emt 0:00:01]} dxc5 {[%emt 0:00:01]} 6. dxc5 {[%emt 0:00:01]} Qxd1+ {[%emt 0:00:00]} 7. Kxd1 {[%emt 0:00:00]} N6d7 {[%emt 0:00:00]} 8. Bf4 {[%emt 0:00:02]} Nxc5 {[%emt 0:00:01]} 9. e6 {[%emt 0:00:00]} Nxe6 {[%emt 0:00:02]} 10. Bg3 {[%emt 0:00:02]} Nc6 {[%emt 0:00:01]} 11. Bc4 {[%emt 0:00:02]} Bd7 {[%emt 0:00:06]} 12. Nc3 {[%emt 0:00:01]} O-O-O {[%emt 0:00:02]} 13. Nb5 {[%emt 0:00:01]} a6 {[%emt 0:00:02]} 14. Bxe6 {[%emt 0:00:02]} axb5 {[%emt 0:00:04]} 15. Bxd7+ {[%emt 0:00:02]} Rxd7+ {[%emt 0:00:00]} 16. Kc2 {[%emt 0:00:01]} Nd4+ {[%emt 0:00:03]} 17. Kc3 {[%emt 0:00:01]} f6 {[%emt 0:00:06]} 18. Nf3 {[%emt 0:00:01]} Nxf3 {[%emt 0:00:01]} 19. gxf3 {[%emt 0:00:01]} e5 {[%emt 0:00:00]} 20. f4 {[%emt 0:00:01]} e4 {[%emt 0:00:02]} 21. f5 {[%emt 0:00:02]} c5 {[%emt 0:00:03]} 22. Rhe1 {[%emt 0:00:01]} Rd5 {[%emt 0:00:11]} 23. Rxe4 {[%emt 0:00:02]} Rxf5 {[%emt 0:00:01]} 24. Re8+ {[%emt 0:00:01]} Kd7 {[%emt 0:00:01]} 25. Rb8 {[%emt 0:00:02]} Kc6 {[%emt 0:00:02]} 26. a4 {[%emt 0:00:02]} c4 {[%emt 0:00:01]} 27. axb5+ {[%emt 0:00:01]} Rxb5 {[%emt 0:00:01]} 28. Kc2 {[%emt 0:00:02]} c3 {[%emt 0:00:02]} 29. bxc3 {[%emt 0:00:02]} g6 {[%emt 0:00:00]} 30. Re1 {[%emt 0:00:02]} Bg7 {[%emt 0:00:00]} 31. Re6+ {[%emt 0:00:01]} Kd5 {[%emt 0:00:01]} 32. Rd6+ {[%emt 0:00:01]} Kc5 {[%emt 0:00:01]} 33. Rxh8 {[%emt 0:00:01]} Bxh8 {[%emt 0:00:00]} 34. Rd8 {[%emt 0:00:01]} Kb6 {[%emt 0:00:00]} 35. Bd6 {[%emt 0:00:01]} Rc5 {[%emt 0:00:00]} 36. Rxh8 {[%emt 0:00:01]} Rc6 {[%emt 0:00:01]} 37. Rxh7 {[%emt 0:00:01]} Kb5 {[%emt 0:00:00]} 38. Rg7 {[%emt 0:00:00]} Rxd6 {[%emt 0:00:01]} 39. Rxg6 {[%emt 0:00:01]} Kc4 {[%emt 0:00:00]} 40. h4 {[%emt 0:00:01]} b5 {[%emt 0:00:00]} 41. h5 {[%emt 0:00:00]} b4 {[%emt 0:00:00]} 42. cxb4 {[%emt 0:00:00]} Kxb4 {[%emt 0:00:01]} 43. h6 {[%emt 0:00:00]} Rc6+ {[%emt 0:00:00]} 44. Kd3 {[%emt 0:00:02]} Rd6+ {[%emt 0:00:00]} 45. Ke4 {[%emt 0:00:01]} Re6+ {[%emt 0:00:00]} 46. Kf5 {[%emt 0:00:00]} Re2 {[%emt 0:00:00]} 47. Rxf6 {[%emt 0:00:00]} Rxf2+ {[%emt 0:00:00]} 48. Kg6 {[%emt 0:00:00]} Rh2 {[%emt 0:00:00]} 49. Kg7 {[%emt 0:00:01]} Kc5 {[%emt 0:00:00]} 50. Rg6 {[%emt 0:00:00] Zeit} 1-0